[Event "19ème Open de Tarbes"]
[Site "?"]
[Date "2011.04.23"]
[Round "1.18"]
[White "Azzoni, Jean-Luc"]
[Black "Bouthier, Jacques"]
[Result "0-1"]
[WhiteElo "1700"]
[BlackElo "1944"]
[PlyCount "26"]
[SourceDate "2011.04.23"]

1. e4 c5 2. Nc3 Nc6 3. f4 g6 4. Nf3 Bg7 5. Bc4 e6 6. O-O Nge7 7. d3 O-O 8. Be3
d5 9. exd5 exd5 10. Bxd5 Nxd5 11. Bxc5 Re8 12. Ne4 b6 13. Bf2 f5 0-1

[Event "19ème Open de Tarbes"]
[Site "?"]
[Date "2011.04.23"]
[Round "2.5"]
[White "Bouthier, Jacques"]
[Black "Marciniak, Alexandre"]
[Result "0-1"]
[WhiteElo "1944"]
[BlackElo "2150"]
[PlyCount "76"]
[SourceDate "2011.04.23"]

1. e4 e6 2. d4 d5 3. Nc3 Bb4 4. e5 Ne7 5. a3 Bxc3+ 6. bxc3 b6 7. Nf3 Ba6 8.
Bxa6 Nxa6 9. Qe2 Nb8 10. O-O O-O 11. a4 Nbc6 12. Ba3 Qd7 13. Bxe7 Nxe7 14. c4
dxc4 15. Qxc4 c5 16. dxc5 Qc7 17. a5 bxa5 18. Rfd1 Rfc8 19. Rd6 Nf5 20. Ra6
Qxc5 21. Qxc5 Rxc5 22. R6xa5 Rxc2 23. g4 Ne7 24. Rxa7 Rc1+ 25. Rxc1 Rxa7 26.
Rb1 h6 27. Rb2 g5 28. Kg2 Ra4 29. Kg3 Re4 30. Rb5 Nd5 31. h4 gxh4+ 32. Kxh4 Re2
33. Kg3 Nc3 34. Rb8+ Kg7 35. Rb7 Ne4+ 36. Kf4 Nxf2 37. Nd4 Re4+ 38. Kf3 Rxd4
0-1

[Event "19ème Open de Tarbes"]
[Site "?"]
[Date "2011.04.23"]
[Round "3.13"]
[White "Clastre, R."]
[Black "Bouthier, Jacques"]
[Result "0-1"]
[WhiteElo "1714"]
[BlackElo "1944"]
[PlyCount "86"]
[SourceDate "2011.04.23"]

1. f4 d5 2. d4 c5 3. e3 Nf6 4. Nf3 Bg4 5. Be2 e6 6. Ne5 Bxe2 7. Qxe2 Nc6 8.
Nxc6 bxc6 9. c3 Ne4 10. O-O Rb8 11. Nd2 Nxd2 12. Qxd2 cxd4 13. Qxd4 Qc7 14. b3
f6 15. c4 Be7 16. Bb2 O-O 17. cxd5 cxd5 18. Rac1 Qa5 19. Ra1 Bc5 20. Qd3 Rfc8
21. Rfc1 Bb4 22. a3 Bd6 23. b4 Qb6 24. Rxc8+ Rxc8 25. Rc1 Rxc1+ 26. Bxc1 Bxf4
27. Qc3 Kf7 28. g3 Be5 29. Qc2 f5 30. Kf2 d4 31. exd4 Bxd4+ 32. Kf1 Qb7 33. Qg2
Qc7 34. Bf4 Qc4+ 35. Qe2 Qc6 36. Qg2 Qc3 37. Qb7+ Kg6 38. Kg2 h6 39. Qe7 Qc2+
40. Kh3 Qe4 41. Qe8+ Kh7 42. Kh4 e5 43. h3 exf4 0-1

[Event "19ème Open de Tarbes"]
[Site "?"]
[Date "2011.04.24"]
[Round "4.7"]
[White "Bouthier, Jacques"]
[Black "Morris, David"]
[Result "0-1"]
[WhiteElo "1944"]
[BlackElo "2020"]
[PlyCount "86"]
[SourceDate "2011.04.24"]

1. e4 c5 2. Nf3 d6 3. d4 cxd4 4. Nxd4 Nf6 5. Nc3 a6 6. Bg5 e6 7. f4 Be7 8. Qf3
Qc7 9. O-O-O Nbd7 10. g4 Rb8 11. h4 b5 12. Bxf6 gxf6 13. g5 Nc5 14. f5 b4 15.
fxe6 bxc3 16. gxf6 cxb2+ 17. Kb1 Bxe6 18. Nxe6 Nxe6 19. fxe7 Nc5 20. Bc4 Qxe7
21. Rhf1 O-O 22. Qc3 Qe5 23. Qxe5 dxe5 24. Bd5 Rb4 25. c4 Rb6 26. Rf5 Na4 27.
Rd3 Rg6 28. Rg5 Kg7 29. Ra3 Rxg5 30. hxg5 Nc5 31. Kxb2 Kg6 32. Ra5 Rc8 33. Kc2
Kxg5 34. Bxf7 Kf4 35. Bd5 h5 36. Ra3 h4 37. Kd2 Nxe4+ 38. Ke2 Nc5 39. Rh3 Kg4
40. Re3 Re8 41. Bg2 e4 42. Rh3 Rh8 43. Re3 Rg8 0-1

[Event "19ème Open de Tarbes"]
[Site "?"]
[Date "2011.04.24"]
[Round "5.12"]
[White "Moreau, Philippe"]
[Black "Bouthier, Jacques"]
[Result "0-1"]
[WhiteElo "1740"]
[BlackElo "1944"]
[PlyCount "63"]
[SourceDate "2011.04.24"]

1. e4 c5 2. Nf3 d6 3. b3 Nf6 4. e5 dxe5 5. Nxe5 Qd4 6. Bb5+ Nbd7 7. Nxd7 Nxd7
8. O-O a6 9. Bxd7+ Bxd7 10. Nc3 e6 11. Bb2 Bc6 12. Na4 Qd8 13. Qg4 b5 14. Nxc5
Bxc5 15. Qxg7 Rf8 16. d4 Be7 17. Qxh7 Qd5 18. f3 Bf6 19. Qe4 Qd6 20. Qg4 Ke7
21. a4 Rg8 22. Qh3 b4 23. Rad1 Bd5 24. c4 bxc3 25. Bxc3 Rg6 26. g4 Rh8 27. Qg3
Qb6 28. Bb2 Qxb3 29. Qc7+ Kf8 30. Bc3 Kg7 31. Rb1 Qc4 32. Rb8 0-1

[Event "19ème Open de Tarbes"]
[Site "?"]
[Date "2011.04.24"]
[Round "6.8"]
[White "Bouthier, Jacques"]
[Black "Cwiek, Loïc"]
[Result "0-1"]
[WhiteElo "1944"]
[BlackElo "1979"]
[PlyCount "34"]
[SourceDate "2011.04.24"]

1. e4 c5 2. Nf3 Nc6 3. d4 cxd4 4. Nxd4 g6 5. Bc4 Bg7 6. Be3 Nf6 7. Nc3 O-O 8.
f3 Qb6 9. Bb3 Nxe4 10. Nd5 Qa5+ 11. c3 Nc5 12. Nxc6 dxc6 13. Nxe7+ Kh8 14. Nxc8
Raxc8 15. O-O Rcd8 16. Qc2 Rfe8 17. Bg5 Nxb3 0-1

[Event "19ème Open de Tarbes"]
[Site "?"]
[Date "2011.04.25"]
[Round "7.12"]
[White "Carassus, Jean-Louis"]
[Black "Bouthier, Jacques"]
[Result "0-1"]
[WhiteElo "1820"]
[BlackElo "1944"]
[PlyCount "114"]
[SourceDate "2011.04.25"]

1. e4 c5 2. b3 Nf6 3. d3 d5 4. e5 Ng4 5. f4 h5 6. Nf3 Nc6 7. Be2 e6 8. O-O Be7
9. c3 Qb6 10. c4 Bd7 11. Na3 f6 12. h3 Nh6 13. Nh4 O-O-O 14. Ng6 Rhg8 15. Bxh5
Nf5 16. Nb5 a6 17. Nxe7+ Ncxe7 18. Nc3 Qc7 19. Re1 fxe5 20. fxe5 g6 21. Bg4 Bc6
22. Bf4 dxc4 23. bxc4 Qd7 24. Ne2 g5 25. Bc1 Nh4 26. Bb2 Nxg2 27. Nc1 Nxe1 28.
Qxe1 Ng6 29. Qe3 Qe7 30. Nb3 b6 31. a4 Nf4 32. d4 Rgf8 33. d5 Ba8 34. a5 Kb8
35. axb6 exd5 36. Nxc5 Bb7 37. e6 Ng6 38. Ba3 Qf6 39. Re1 Rfe8 40. Qg3+ Nf4 41.
Bc1 Qd4+ 42. Be3 Qxc4 43. Rf1 Rc8 44. Bxf4+ gxf4 45. Nd7+ Ka8 46. Rxf4 Qa2 47.
Rf2 Qb1+ 48. Rf1 Qb5 49. Qe5 Rc2 50. Nf6 Qxb6+ 51. Kh1 d4+ 52. Ne4 Qc6 53. Re1
d3 54. Bf3 Qxe6 55. Nd2 Qxe5 56. Bxb7+ Kxb7 57. Rxe5 Rxe5 0-1

[Event "19ème Open de Tarbes"]
[Site "?"]
[Date "2011.04.25"]
[Round "8.10"]
[White "Bouthier, Jacques"]
[Black "Mamah, Isabelle"]
[Result "0-1"]
[WhiteElo "1944"]
[BlackElo "1844"]
[PlyCount "84"]
[SourceDate "2011.04.25"]

1. e4 c5 2. Nf3 Nc6 3. d4 cxd4 4. Nxd4 g6 5. c4 Bg7 6. Nc2 Nf6 7. Nc3 Qa5 8.
Qd2 O-O 9. Be2 d6 10. Ne3 Be6 11. O-O a6 12. Rb1 Rac8 13. b3 Rfe8 14. f4 Qb6
15. Kh1 Qa7 16. Bb2 Qd4 17. Bd3 Nb4 18. Rfd1 Qxd3 19. Qxd3 Nxd3 20. Rxd3 Ng4
21. Kg1 Nxe3 22. Rxe3 Bd4 23. Kf2 Bxe3+ 24. Kxe3 f5 25. e5 dxe5 26. fxe5 Red8
27. Ne2 Kf7 28. g3 b5 29. cxb5 axb5 30. Nd4 Rd5 31. Nf3 h6 32. h4 Rcd8 33. Kf4
b4 34. Rc1 Rc8 35. Re1 Rc2 36. Bd4 Ra5 37. Bb6 Raxa2 38. Nd4 Rg2 39. Bc5 g5+
40. hxg5 hxg5+ 41. Kxg5 Rxg3+ 42. Kf4 Rg4+ 0-1

[Event "19ème Open de Tarbes"]
[Site "?"]
[Date "2011.04.25"]
[Round "9.12"]
[White "Bouthier, Jacques"]
[Black "Rundstrom, Douglas"]
[Result "0-1"]
[WhiteElo "1944"]
[BlackElo "1829"]
[PlyCount "54"]
[SourceDate "2011.04.25"]

1. e4 c5 2. Nf3 d6 3. d4 cxd4 4. Nxd4 Nf6 5. Nc3 a6 6. Bg5 e6 7. f4 h6 8. Bh4
Qb6 9. Qd3 Qxb2 10. Rb1 Qa3 11. Be2 Nbd7 12. O-O Nc5 13. Qf3 Qa5 14. f5 Be7 15.
fxe6 fxe6 16. Bxf6 Bxf6 17. Qh5+ Ke7 18. Nf5+ exf5 19. Nd5+ Kf8 20. Nxf6 gxf6
21. Bc4 Qc7 22. exf5 Ne4 23. Be6 Qc5+ 24. Kh1 Bxe6 25. Rbe1 Nf2+ 26. Rxf2 Qxf2
27. Qd1 Bd5 0-1